000 00903nac a22002657a 4500
001 BR8207241
003 BR-BrBNA
005 20240105115603.0
008 230509b bl.|||m| |||| 00| 0 por d
040 _aBR-BrBNA
_bpor
_cBiblioteca Nacional de Agricultura
072 _aQ02; E70; J13
090 _a9705 BR8207241
100 1 _aStefanini, R.
110 1 _aCompanhia Brasileira de Armazenamento, Brasilia, DF (Brasil). Depto. de Operacoes de Unidades Frigorificas
_92309
245 1 _aCongelamento de carcacas de frango tipo exportacao
260 3 _aBrasilia, DF (Brasil):
_c1982.
300 _a20 p.
490 _aInformativo Tecnico DEFRI - Companhia Brasileira de Armazenamento (Brazil)
_vno. 11
_x
650 _aFRANGO DE CORTE
650 _aCONGELAMENTO
650 _aEXPORTACAO
650 _aARMAZENAMENTO
909 _a202312
_bLúcia Elande
_c55
_dLúcia Elande
942 _2AGRIS
_n0
_cMS
999 _c275443
_d275443